000 00313nam a22001337a 4500
008 171211b xxu||||| |||| 00| 0 eng d
020 _a9780803600447
041 _aeng
080 _23RD
_a615.83
100 _a8
101 _aEGF
245 _aTHERMAL AGENTS IN REHABILITATION
_cMICHLOVITZ,S.L
942 _2udc
_cBK
999 _c38854
_d38854